000 01034cam a22003257i 4500
001 20786024
005 20230531092406.0
008 181218s2019 enk b 001 0 eng d
010 _a 2018967813
020 _a9781788970976
020 _a1788970977
020 _a9781788970990
020 _a1788970993
020 _z9781788970983
035 _a(OCoLC)on1099828544
040 _aUKMGB
_beng
_cUKMGB
_erda
_dOCLCO
_dLSD
_dOCLCF
_dDLC
042 _alccopycat
050 0 0 _aHB 172.5 .M548 2019
082 0 4 _a339
_223
100 1 _aMinford, Patrick,
_eauthor.
245 1 0 _aAdvanced macroeconomics :
_ba primer /
_cPatrick Minford, David Peel.
250 _aSecond edition.
260 _aCheltenham, UK:
_bEdward Elgar Publishing,
_c2019.
300 _aix, 502 pages ;
_c26 cm.
504 _aIncludes bibliographical references (pages 445-484) and index.
650 0 _aMacroeconomics.
650 7 _aMacroeconomics.
_2fast
700 1 _aPeel, D.,
_eauthor.
942 _2lcc
_cBOOKS
_hHB 172.5 .M548 2019
999 _c31597
_d31597